[Event "Foment Martinenc op-C 18th"]
[Site "Barcelona"]
[Date "2016.04.23"]
[Round "1"]
[White "Gascon Lloret, Ferran"]
[Black "Segura Ramon, Marti"]
[Result "1-0"]
[WhiteElo "1712"]
[BlackElo "1360"]
[PlyCount "41"]
[EventDate "2016.04.23"]
[EventType "swiss"]
[EventRounds "9"]
[EventCountry "ESP"]
[SourceTitle "EXT 2017"]
[Source "ChessBase"]
[SourceDate "2016.10.25"]
[SourceVersion "1"]
[SourceVersionDate "2016.10.25"]
[SourceQuality "1"]

1. e4 e5 2. Nf3 Nc6 3. Bb5 Nf6 4. 0-0 d6 5. Re1 Be6 6. d4 d5 7. Nxe5 Bd6 8. Nxc6 bxc6 9. Bxc6+ Bd7 10. Bxa8 Qxa8 11. e5 Bf5 12. exd6+ Kd8 13. Bg5 h6 14. Bxf6+ gxf6 15. Nc3 cxd6 16. Qh5 Bg6 17. Qf3 Be4 18. Qxf6+ Kd7 19. Nb5 Rb8 20. Qxd6+ Ke8 21. Nc7# 1-0

[Event "Foment Martinenc op-C 16th"]
[Site "Barcelona"]
[Date "2014.06.07"]
[Round "7"]
[White "Marti Godia, Enric"]
[Black "Gascon Lloret, Ferran"]
[Result "0-1"]
[WhiteElo "1700"]
[BlackElo "1700"]
[PlyCount "146"]
[EventDate "2014.04.26"]
[EventType "swiss"]
[EventRounds "9"]
[EventCountry "ESP"]
[SourceTitle "EXT 2015"]
[Source "ChessBase"]
[SourceDate "2014.11.20"]
[SourceVersion "1"]
[SourceVersionDate "2014.11.20"]
[SourceQuality "1"]

1. e4 c5 2. c4 Nc6 3. Nf3 d6 4. d3 g6 5. Nc3 Nf6 6. Be2 Bg7 7. Bg5 0-0 8. 0-0 Be6 9. a3 b6 10. Nb5 a6 11. Nc3 b5 12. b3 bxc4 13. dxc4 Ng4 14. Qd2 Nge5 15. Bh6 Nxf3+ 16. Bxf3 Bxh6 17. Qxh6 Ne5 18. h3 Nxf3+ 19. gxf3 Rb8 20. Kg2 Rxb3 21. Ne2 Bxc4 22. Rae1 Rxa3 23. h4 Ra2 24. Rh1 Qd7 25. h5 Qe6 26. Nf4 Qf6 27. hxg6 Qg7 28. Qxh7+ Qxh7 29. gxh7+ Kg7 30. Rh4 e5 31. Nh5+ Kh8 32. Rg4 f6 33. Rh1 Be6 34. Rg7 Bg8 35. Rb7 Bxh7 36. Nxf6 Rxf6 37. Rhxh7+ Kg8 38. Rh3 Rg6+ 39. Kh2 Rxf2+ 40. Kh1 Rf6 41. Rb8+ Kg7 42. f4 R2xf4 43. Rg3+ Rg6 44. Rb7+ Kf6 45. Rh3 Rxe4 46. Ra7 Re1+ 47. Kh2 Ra1 48. Rd7 Ke6 49. Rhh7 Rh6+ 50. Rxh6+ Kxd7 51. Kh3 c4 52. Kg3 c3 53. Rh2 Rg1+ 54. Kh3 Rg8 55. Rc2 Rc8 56. Kg3 d5 57. Kf3 d4 58. Ke4 Rc5 59. Ra2 a5 60. Kd3 Rb5 61. Ke4 Rb2 62. Rxa5 c2 63. Rd5+ Ke6 64. Rxe5+ Kf6 65. Kxd4 c1Q 66. Rc5 Qd1+ 67. Kc4 Rc2+ 68. Kb5 Qb1+ 69. Kc6 Qh1+ 70. Kb6 Rb2+ 71. Kc7 Qb7+ 72. Kd6 Rb6+ 73. Rc6 Qxc6# 0-1

[Event "Foment Martinenc op-B 15th"]
[Site "Barcelona"]
[Date "2013.05.25"]
[Round "6"]
[White "Bes Alvarez, Alex"]
[Black "Gascon Lloret, Ferran"]
[Result "0-1"]
[WhiteElo "1700"]
[BlackElo "1700"]
[PlyCount "74"]
[EventDate "2013.04.20"]
[EventType "swiss"]
[EventRounds "9"]
[EventCountry "ESP"]
[SourceTitle "CBM 154 Extra"]
[Source "ChessBase"]
[SourceDate "2013.06.25"]
[SourceVersion "2"]
[SourceVersionDate "2013.06.25"]
[SourceQuality "1"]

1. e4 c5 2. Bc4 d6 3. Nf3 Nf6 4. e5 Nfd7 5. Qe2 Nc6 6. e6 Nde5 7. Nxe5 Nxe5 8. Bd5 Qa5 9. Qh5 g6 10. Qg5 Bxe6 11. Bxe6 fxe6 12. 0-0 Bg7 13. Qe3 0-0 14. d3 Rf6 15. Bd2 Qb6 16. Na3 Qxb2 17. Nc4 Nxc4 18. dxc4 Qxc2 19. Bc3 Rff8 20. Qxe6+ Rf7 21. Rac1 Qxa2 22. Bxg7 Kxg7 23. h3 a5 24. Ra1 Qb2 25. Qe3 a4 26. Rfb1 Qd4 27. Qe6 a3 28. Rxb7 Qxa1+ 29. Kh2 Qe5+ 30. Qxe5+ dxe5 31. Rb5 a2 32. Rxc5 a1Q 33. Rxe5 Qxe5+ 34. g3 Qe2 35. h4 Qxf2+ 36. Kh3 Ra3 37. h5 Qxg3# 0-1